| 000 | 00369cam a2200145ua 4500 | ||
|---|---|---|---|
| 041 |
_aeng _h |
||
| 082 |
_a320.58 _bNAM/MA |
||
| 100 | _aNamboodiri, . | ||
| 245 |
_aMahatma and the ISM / _cNamboodiri E.M.S. _hTextual Documents |
||
| 260 |
_aNew Delhi : _bPeoples publishing house , _c1959. |
||
| 300 | _a126 ; . | ||
| 504 | _a | ||
| 942 | _cBK | ||
| 999 |
_c12411 _d12411 |
||